Diccionario karten 4 /

Guardado en:
Formato: Libro
Publicado: Buenos Aires : Karten, 1985
Materias:
Etiquetas: Agregar Etiqueta
Sin Etiquetas, Sea el primero en etiquetar este registro!
LEADER 00449nam a22001695a 4500
001 CEM.cems012420
005 20070328174659.0
008 130507s1985##################000#0#####d
003 CEMS
020 |a 9509026069 
082 0 4 |a C463 
245 0 0 |a Diccionario karten 4 / 
260 |a Buenos Aires :  |b Karten,  |c 1985 
300 |a 338 p. 
653 |a Diccionarios 
653 |a Diccionarios español 
859 |a CEMS  |b BIB. CEMS - 11 de abril  |h C463  |i K149  |p 23872.07  |t Ej.1